000
00306nam a2200121Ia 4500
005
20251222152005.0
008
251222s9999||||xx |||||||||||||| ||spa||
082
_a
017.185/M61
245
0
_a
Análisis del riesgo en procesos de desarrollo e inversión
250
_a
1ra.ed.
264
_b
UCSS
942
_c
LIB
999
_c
24702
_d
24702